| 000 | 00845cab a22002055a 4500 | ||
|---|---|---|---|
| 001 | L138630 | ||
| 008 | 070627e20070620xxko f 000 0 eng d | ||
| 035 | _a(Sirsi) u138630 | ||
| 041 | 0 | _aeng | |
| 110 | 2 |
_aContract Journal _9554 |
|
| 245 | 0 | 0 | _aManaging asbestos removal |
| 260 | _c2007 | ||
| 490 |
_aContract Journal _v439 (6630) 20 June 2007, 34(1) |
||
| 520 | _aProvides guidance from the Asbestos Removal Contractors Association aimed at contractors and their clients. Covers the appointment of a HSE licensed contractor. Explains legal requirements and details where further information can be found. | ||
| 650 | 2 | 4 | _aHEALTH AND SAFETY AT WORK ETC ACT 1974 S2 |
| 650 | 2 | 4 | _aHEALTH AND SAFETY AT WORK ETC ACT 1974 S3 |
| 651 | 4 |
_aUnited Kingdom _y |
|
| 690 | _aMANAGEMENT-HEALTH AND SAFETY-HAZARDOUS SUBSTANCES-ASBESTOS | ||
| 942 | _n0 | ||
| 999 |
_c78936 _d78936 |
||